Top Football League by Country - Statistics

General Stats
  • This quiz has been taken 295 times
  • The average score is 13 of 28
Answer Stats
Country League % Correct
England Premier League
91%
Germany Bundesliga
90%
France Ligue 1
87%
Italy Serie A
85%
Spain La Liga
77%
United States Major League Soccer
71%
Australia A-League
66%
Netherlands Eredivisie
64%
Austria Bundesliga
62%
Belgium Pro League
58%
Japan J1 League
51%
Brazil Série A
48%
China Super League
46%
Portugal Primeira Liga
38%
Turkey Süper Lig
37%
Scotland Premiership
35%
India Super League
35%
Mexico Liga MX
32%
Poland Ekstraklasa
30%
Greece Super League
28%
Sweden Allsvenskan
22%
Switzerland Super League
22%
Denmark Superliga
22%
Norway Eliteserien
19%
Romania Liga I
12%
Ireland Premier Division
12%
South Korea K League 1
7%
Saudi Arabia Professional League
6%
No matching quizzes found
Score Distribution
Percent of People with Each Score
Percentile by Number Answered
Your Score History
You have not taken this quiz